| 000 | 01470nem0a2200277 4500 | ||
|---|---|---|---|
| 001 | RU\NLR\BIBL_A\022118604 | ||
| 005 | 20250625125744.0 | ||
| 035 | _a(NLR Aleph) 022118604 | ||
| 090 |
_a12800196 _c12800196 |
||
| 100 | _a20240129d2024 |||y0rusy50 ca | ||
| 101 | 0 | _arus | |
| 102 | _aRU | ||
| 120 | _abyb xx|| | ||
| 123 | 0 | _aa | |
| 200 | 1 |
_aНаселённые пункты г.о. Домодедово в XIV - XIX веках. Даты первого упоминания. _bКарты _eКарта - схема _gНизамутдинов К.Ю. |
|
| 206 | _aБ. м-ба | ||
| 210 |
_aДомодедово _cБ.и. _d2024 |
||
| 215 |
_a1 к. _c3 цв. _d42х21 см. _eПрил.: Низамутдинов К.Ю. Первые упоминания о населенных пунктах г. о. Домодедово в письменных и картографических источниках. (24 с.; 24х15 см) |
||
| 509 | 0 | 1 |
_7ca _aДомодедово, _eМосковская обл. _hгород _92634092 _3RU\NLR\auth_crt\55920 |
| 606 | 1 |
_aНаселенные места _jКарты _yМосковская губерния _92537400 _3RU\NLR\AUTH\661502481 |
|
| 607 |
_aДомодедовский район (Московская область) _jКарты _xИстория _92355842 _3RU\NLR\AUTH\661407157 |
||
| 702 | 1 |
_aНизамутдинов _bК.Ю. _4070 |
|
| 852 |
_aNLR _bК _j4-Цтр 6/2269 _m91731 _t91732 |
||
| 942 | _cMAP | ||
| 980 | _aNB | ||